00873nam a2200241Ia 4500003000900000008004100009020001800050040001600068080002200084111006700106245019600173260005800369300001600427490003400443650001400477650001600491650001100507650002400518650001300542700002500555700003000580700002100610IN-BaIIA211028s9999 xx 000 0 eng d a1-58381-092-7 cIIA Library a082.2:52bASP-252 aInternational Summer SchoolcValencia, Spaind2000 Sept. 18-22 0aHistorical development of modern cosmologybproceedings of an International summer school, Valencia, Spain, September 18-22, 2000cedited by V. J. Martinez, V. Trimble and M. J. Pons-Borderia aCaliforniabAstronomical Society of the Pacificc2001 axvii, 375p. aASP conference series; v. 252 aCosmology aDark matter aGalaxy aNuclear archaeology aUniverse aMartinez, V. J., ed. aPons-Borderia, M. J., ed. aTrimble, V., ed.